00725 a2200193 4500020001800000040001300018082001200031100001800043245004700061250001100108260005100119300002200170440005200192650005400244700003100298942002500329999001500354952016200369 a0-8493-4199-X aDLCbDLC00a621.395 aChen, Wai-Kai14aThe VLSI handbook cedited by Wai-Kai Chen a2. ed. aBoca Raton :bCRC/Taylor & Francis,ccop. 2007 aCa 2000 s :bill. 4aThe electrical engineering handbook series,v38 0aIntegrated circuitsxVery large scale integration1 aChen, Wai-Kai,d1936-4edt cBKk621.395 CHE2ddc c9825d9825 001040708NFICaCLbCLcGENd2007-12-31eProgressive International Agenciesg12693.42l2o621.395 CHEpSEECS008864r2016-10-05s2016-10-01w2017-01-05yREF